000 00367nam a2200145Ia 4500
008 230917s9999||||xx |||||||||||||| ||und||
040 _e196990
_aMAIN
041 _aEnglish
082 _a910.02 P442F
100 _aPetersen, James F
245 0 _aFundamentals of Physical geography
260 _aBelmont
_bCengage Learning
_c2011
300 _a479 p.
942 _cBK
999 _c169690
_d169690